Party time is over for residential land (Record no. 79927)

MARC details
000 -LEADER
fixed length control field 01107cab a22001935a 4500
001 - CONTROL NUMBER
control field L142734
008 - FIXED-LENGTH DATA ELEMENTS--GENERAL INFORMATION
fixed length control field 080304s2008 xxkd f 000 0 eng d
035 ## - SYSTEM CONTROL NUMBER
System control number (Sirsi) u142734
041 0# - LANGUAGE CODE
Language code of text/sound track or separate title eng
100 1# - MAIN ENTRY--PERSONAL NAME
Personal name Barnes, Yolande
245 00 - TITLE STATEMENT
Title Party time is over for residential land
260 ## - PUBLICATION, DISTRIBUTION, ETC.
Date of publication, distribution, etc. 2008
490 ## - SERIES STATEMENT
Series statement Property Forecast
Volume/sequential designation 11(2) February 2008, 4-5(2)
520 ## - SUMMARY, ETC.
Summary, etc. Reports on falls in the value of residential development land. Although agricultural prices are still rising, even greenfield residential sites saw small falls during the fourth quarter of 2007. Notes that this trend is expected to continue into 2008. Reports that Savills is predicting a 5% fall in greenfield values. Finds housebuilder sentiment at its lowest ebb since the mid 1990s. Predicts that as a result, developers will return to more terraced and semi detached properties. Urban land may be affected still more, with Savills predicting a fall of 12% and a return to 2001 levels.
590 ## - LOCAL NOTE (RLIN)
Local note KA
651 #4 - SUBJECT ADDED ENTRY--GEOGRAPHIC NAME
Geographic name United Kingdom
Chronological subdivision
690 ## - LOCAL SUBJECT ADDED ENTRY--TOPICAL TERM (OCLC, RLIN)
Topical term or geographic name as entry element PROPERTY-RESIDENTIAL PROPERTY-RESIDENTIAL PROPERTY DEVELOPMENT
942 ## - ADDED ENTRY ELEMENTS (KOHA)
Suppress in OPAC 0
Holdings
Withdrawn status Lost status Source of classification or shelving scheme Damaged status Not for loan Home library Current library Shelving location Date acquired Total Checkouts Full call number Barcode Date last seen Copy number Price effective from Koha item type
    Dewey Decimal Classification     London London Journal article 04/03/2008   L142734 142734-1001 06/08/2019 1 06/08/2019 Journal article